Ithnā ʻashar ʻāman fī ṣuḥbat Amīr al-Shuʻarāʼ /
Main Author:
Format: Book
Language: Arabic
Published:
al-Qahirah :
[al-Maktabah al-Tijārīyah],
1932.
Subjects:
Tags: Add Tag
Call Number: PJ7862 .H3 Z516 1932
| LEADER | 01066namaa2200241 4500 | ||
|---|---|---|---|
| 001 | 19892 | ||
| 003 | OSt | ||
| 005 | 20231207090248.0 | ||
| 008 | 130303s1932 ua a 000 0bara d | ||
| 952 | |0 0 |1 0 |2 lcc |4 0 |6 PJ7862 H3 Z516 01932 |7 1 |9 57306 |a ARCE |b ARCE |d 2023-12-07 |l 0 |o PJ7862 .H3 Z516 1932 |p 1030078 |r 2023-12-07 00:00:00 |w 2023-12-07 |y BK | ||
| 999 | |c 16700 |d 16700 | ||
| 040 | |c ARCE Library | ||
| 050 | 4 | |a PJ7862 .H3 Z516 1932 | |
| 100 | 1 | |6 880-01 |a Abū al-ʿIzz, Aḥmad ʿAbd al-Wahhāb, |e author | |
| 245 | 1 | 0 | |6 880-02 |a Ithnā ʻashar ʻāman fī ṣuḥbat Amīr al-Shuʻarāʼ / |c Aḥmad ʻAbd al-Wahhāb Abū al-ʻIzz. |
| 264 | 1 | |a al-Qahirah : |b [al-Maktabah al-Tijārīyah], |c 1932. | |
| 300 | |a 192 pages : |b illustrations ; |c 16 cm. | ||
| 600 | 1 | 0 | |a Shawqī, Aḥmad, |d 868-1932. |
| 650 | 0 | |a Poets, Arab |v Biography. | |
| 880 | 1 | |6 100-01/(3/r |a أبو العز، أحمد عبد الوهاب | |
| 880 | 1 | 0 | |6 245-02/(3/r |a إثني عشر عاما في صحبة أمير الشعراء |c أحمد عبد الوهاب أبو العز |
| 901 | |a reviewed | ||
| 942 | |c BK |2 lcc | ||
